000 nam a22 7a 4500
999 _c17757
_d17757
008 161129b xxu||||| |||| 00| 0 eng d
020 _a9780558836887
020 _a0558836887
050 _aHF1017 .M33 2011
100 _aMcClave, James T.
245 _aStatistics for Business and Economics:
_bcustom edition for New York University/
_cJames T.McClave, P. George Benson and Terry Sincich
250 _a2nd ed.
260 _aNew York:
_bLearning Solutions Pearson,
_c2011
300 _axx. 844p. :
_bill. ;
_c29 cm
500 _aIncludes bibliographical references and index.
650 _aStatistics.
650 _aComercial statistics.
650 _aEconomics.
_xStatistical methods.
700 _aBenson, P. George
700 _aSincich, Terry
942 _2lcc
_cBOOKS
_hHF1017 .M33 2011